La formación del jurista / (Record no. 182489)

MARC details
000 -LEADER
campo de control de longitud fija 00739nam a2200205 i 4500
001 - NÚMERO DE CONTROL
campo de control 182489
003 - IDENTIFICADOR DE NÚMERO DE CONTROL
campo de control ES-MaACL
005 - FECHA Y HORA DE LA ÚLTIMA TRANSACCIÓN
campo de control 20230906221625.0
008 - DATOS DE LONGITUD FIJA--INFORMACIÓN GENERAL
campo de control de longitud fija 130905s1993 mx |||| | spa d
020 ## - NÚMERO INTERNACIONAL ESTÁNDAR DEL LIBRO
Número Internacional Estándar del Libro 968-6236-05-8
100 1# - ENTRADA PRINCIPAL--NOMBRE DE PERSONA
Nombre de persona Altamira, Rafael,
Fechas asociadas al nombre 1866-1951
9 (RLIN) 20515
245 13 - MENCIÓN DEL TÍTULO
Título La formación del jurista /
Mención de responsabilidad, etc. Rafael Altamira y Crevea ; estudio preliminar, edición y notas de Jaime del Arenal Fenochio.
250 ## - MENCION DE EDICION
Mención de edición [1ª ed.].
260 ## - PUBLICACIÓN, DISTRIBUCIÓN, ETC.
Lugar de publicación, distribución, etc. México :
Nombre del editor, distribuidor, etc. Escuela Libre de Derecho,
Fecha de publicación, distribución, etc. 1993.
300 ## - DESCRIPCIÓN FÍSICA
Extensión 102 p. :
Otras características físicas 1 retr. autor ;
Dimensiones 21 cm.
650 04 - PUNTO DE ACCESO ADICIONAL DE MATERIA--TÉRMINO DE MATERIA
Término de materia o nombre geográfico como elemento de entrada Abogados.
9 (RLIN) 9564
700 1# - ENTRADA AGREGADA--NOMBRE PERSONAL
Nombre de persona Arenal Fenochio, Jaime del.
9 (RLIN) 153347
852 ## - LOCALIZACIÓN
Ubicación ES-MaACL
Número de control de estantería 2326-F-11
Nota libre .- Dedicatoria manuscrita del ed. lit.
Holdings
Estatus retirado Estado de pérdida Estado de daño No para préstamo Colección Biblioteca de origen Biblioteca actual Ubicación en estantería Fecha de adquisición Fuente de adquisición Total de préstamos Signatura topográfica completa Código de barras Visto por última vez Precio de reemplazo Tipo de ítem Koha
        Colección de folletos Biblioteca del Ateneo de Madrid Biblioteca del Ateneo de Madrid Depósito folletos 05/09/2013     2326-F-11 1191778 23/02/2023 23/02/2023 Folleto